Montreal Canadiens - Statistics

General Stats
  • This quiz has been taken 355 times
  • The average score is 3 of 7
Answer Stats
Hint Answer % Correct
Number 10, star player Guy Lafleur
65%
Brandon ______ Prust
50%
Commonly Used Nick-name Habs
44%
PK _______ Suban
39%
Captain of 2013 Brian Gionta
35%
Current Goalie Carrey Price
15%
Two Rookies of 2013 Gallagher and Galchenyuk
6%
No matching quizzes found
Score Distribution
Percent of People with Each Score
Percentile by Number Answered
Your Score History
You have not taken this quiz